Multiobjective linear programming. Another DSS.
Prezentácia systému pre podporu rozhodnutí (DSS - Decision Support System) pre úlohy mnohoobjektového lineárneho programovania. Mimoriadna ľahkosť interakcie medzi človekom a systémom na základe definovania slabého usporiadania medzi systémovými premennými a objektami.
Guardado en:
| Autor principal: | |
|---|---|
| Otros Autores: | , |
| Formato: | Capítulo de libro |
| Lenguaje: | inglés |
| Materias: | |
| Etiquetas: |
Sin Etiquetas, Sea el primero en etiquetar este registro!
|
MARC
| LEADER | 00000naa a2200000 4500 | ||
|---|---|---|---|
| 001 | r007387 | ||
| 005 | 20221130102829.8 | ||
| 041 | 0 | |a eng | |
| 044 | |a NL | ||
| 245 | 1 | 0 | |a Multiobjective linear programming. |b Another DSS. |c M. Drór, P. Shoval, A. Yellin |
| 520 | |a Prezentácia systému pre podporu rozhodnutí (DSS - Decision Support System) pre úlohy mnohoobjektového lineárneho programovania. Mimoriadna ľahkosť interakcie medzi človekom a systémom na základe definovania slabého usporiadania medzi systémovými premennými a objektami. | ||
| 610 | 2 | 0 | |a DSS |
| 610 | 2 | 0 | |a programovanie lineárne |
| 610 | 2 | 0 | |a systémy podporné rozhodovacie |
| 610 | 2 | 0 | |a rozhodovanie |
| 610 | 2 | 0 | |a systém človek-stroj |
| 610 | 2 | 0 | |a optimalizácia |
| 610 | 2 | 0 | |a systémy interaktívne |
| 100 | 1 | |a Drór, M. | |
| 700 | 1 | |a Shoval, P. | |
| 700 | 1 | |a Yellin, A. | |